|
|
|
|
| LEADER |
00806nam a2200205 a 4500 |
| 008 |
090621s2002 cau b 001 0 eng d |
| 020 |
|
|
|a 8172244282
|
| 082 |
0 |
0 |
|a 650/.01/4
|2 21
|
| 100 |
1 |
|
|a Adair, John Eric, 1934-
|
| 245 |
1 |
0 |
|a The effective communicator /John Adair.
|
| 260 |
|
|
|a London;
|a Mumbai,India :
|b Industrial Society;
|b Jaico Publication House,
|c 2002.
|
| 300 |
|
|
|a 156 p. ;
|c 23 cm.
|
| 541 |
1 |
|
|e 00009531
|
| 650 |
0 |
|
|a Communication in management.
|
| 650 |
0 |
|
|a Communication in organizations.
|
| 504 |
|
|
|a Includes index.
|
| 852 |
4 |
|
|a Ayesha Abed Library
|j General Shelf.
|
| 942 |
0 |
0 |
|0 1
|
| 999 |
|
|
|c 1831
|d 1831
|
| 952 |
|
|
|0 0
|1 0
|2 ddc
|4 0
|6 650_014000000000000_JOH_2002
|7 0
|9 11227
|a BRACUL
|b BRACUL
|c GEN
|d 2010-06-24
|l 4
|m 57
|o 650.014 JOH
|p 3010009531
|q 2025-07-15
|r 2024-10-01
|s 2024-10-01
|t 1
|w 2010-06-24
|y BK
|